000
00325nam a22001337a 4500
005
20250901165818.0
008
250407b |||||||| |||| 00| 0 eng d
020
_a
9789966773968
050
_a
PL 8704.W36 2014
245
_a
KAZA MACHO
_c
WAMITILA KW
260
_a
NAIROBI
_b
MUWA PUBLISHERS
_c
2014
300
_a
152
942
_2
lcc
999
_c
9542
_d
9542